Options for the disposal of redundant churches and other places of worship (Record no. 110398)

MARC details
000 -LEADER
fixed length control field 01160cad a22002055a 4500
001 - CONTROL NUMBER
control field L149174
008 - FIXED-LENGTH DATA ELEMENTS--GENERAL INFORMATION
fixed length control field 100125e20100115xxk f 000 0 eng d
035 ## - SYSTEM CONTROL NUMBER
System control number (Sirsi) u149174
041 0# - LANGUAGE CODE
Language code of text/sound track or separate title eng
110 2# - MAIN ENTRY--CORPORATE NAME
Corporate name or jurisdiction name as entry element United Kingdom
Subordinate unit Department for Culture, Media and Sport
245 00 - TITLE STATEMENT
Title Options for the disposal of redundant churches and other places of worship
Medium [electronic resource]
260 ## - PUBLICATION, DISTRIBUTION, ETC.
Place of publication, distribution, etc. London
Name of publisher, distributor, etc. DCMS
-- English Heritage
Date of publication, distribution, etc. 2010
520 ## - SUMMARY, ETC.
Summary, etc. Joint guidance produced by English Heritage and DCMS gives options for the disposal of redundant churches. A charity is normally required to obtain the best price when disposing of property but a range of options exist including the former church becoming a community facility or be preserved as part of the nation's heritage.
590 ## - LOCAL NOTE (RLIN)
Local note KA NTK
651 #4 - SUBJECT ADDED ENTRY--GEOGRAPHIC NAME
Geographic name England and Wales
Chronological subdivision 1543-
690 ## - LOCAL SUBJECT ADDED ENTRY--TOPICAL TERM (OCLC, RLIN)
Topical term or geographic name as entry element BUILT ENVIRONMENT-BUILDING TYPES-ANCIENT MONUMENTS AND HISTORIC BUILDINGS
710 1# - ADDED ENTRY--CORPORATE NAME
Corporate name or jurisdiction name as entry element English Heritage
9 (RLIN) 2714
856 40 - ELECTRONIC LOCATION AND ACCESS
Uniform Resource Identifier <a href="https://www.culture.gov.uk/reference_library/publications/6575.aspx">https://www.culture.gov.uk/reference_library/publications/6575.aspx</a>
Public note View the item free of charge at http://www.culture.gov.uk/reference_library/publications/6575.aspx
942 ## - ADDED ENTRY ELEMENTS (KOHA)
Suppress in OPAC 0
Holdings
Withdrawn status Lost status Source of classification or shelving scheme Damaged status Not for loan Home library Current library Shelving location Date acquired Total Checkouts Full call number Barcode Date last seen Copy number Price effective from Koha item type
    Dewey Decimal Classification     Virtual Virtual Online 25/01/2010   ONLINE PUBLICATION 149174-2001 06/08/2019 1 06/08/2019 Book